000 00196 a2200097 4500
001 51165
100 _aFrost J
245 _aB B C Micro
260 _aLondon
_bPan Book
_c
090 _c32399
_d32399
942 _aNUST-CAE
_cM
_c24890
999 _c286238
_d286238